Catalog

Record Details

Catalog Search



Grösser als unser Herz : Horizonte zwischenmenschlicher Einheit in Gott  Cover Image Book Book

Grösser als unser Herz : Horizonte zwischenmenschlicher Einheit in Gott / Chiara Lubich

Record details

  • Physical Description: 256 s. ; 19 cm
  • Edition: 1. Aufl.
  • Publisher: Leipzig : St.-Benno, 1981
Subject: náboženská literatura
křesťanství

Available copies

  • 1 of 1 copy available at Common Catalog SPOK.

Holds

  • 0 current holds with 1 total copy.
Show Only Available Copies
Location Call Number / Copy Notes Barcode Shelving Location Status Due Date
Jabok Library PT-8.1 424480019454 Odborná literatura Available -

LDR 00683nam a22002417a 4500
0013664
003CZ-PrJAB
00520160312170745.0
007ta
008940314s1981 gw 000 0 ger d
035 . ‡a(CZ PrSKC)001108977
040 . ‡aGyGoGBV ‡bcze ‡dABD064
080 . ‡a244
080 . ‡a23/28
1001 . ‡aLubich, Chiara, ‡d1920-2008 ‡7jn19990005204 ‡4aut ‡0(CZ-PrJAB)14124
24510. ‡aGrösser als unser Herz : ‡bHorizonte zwischenmenschlicher Einheit in Gott / ‡cChiara Lubich
250 . ‡a1. Aufl.
260 . ‡aLeipzig : ‡bSt.-Benno, ‡c1981
300 . ‡a256 s. ; ‡c19 cm
65007. ‡anáboženská literatura ‡7ph115475 ‡2czenas
65007. ‡akřesťanství ‡7ph115073 ‡2czenas
910 . ‡aABG312 ‡x001108977 ‡wl
901 . ‡a3664 ‡bUnknown ‡c3664 ‡tbiblio

Additional Resources